000 00478nam a22001812 4500
001 0000005647
005 20151217160110.0
008 070620s xx 000 0 eng d
040 _aKABU
_cKABU
050 0 _aPZ90
_b.S94M5A53
100 1 _aMkufya, W. E.
_@0000156873
245 1 0 _aAndroko na Simba.
260 _aDar-es-Salaam :
_bMture Educ.,
_c1998.
300 _a30 p.
908 _a070620
950 _@1
999 _c14215
_d14215